UBT Library

Spektri / (Record no. 201)

000 -LEADER
fixed length control field 00619nam a22002177a 4500
008 - FIXED-LENGTH DATA ELEMENTS--GENERAL INFORMATION
fixed length control field 131029b xxu||||| |||| 00| 0 eng d
020 ## - INTERNATIONAL STANDARD BOOK NUMBER
International Standard Book Number 9951021077
080 ## - UNIVERSAL DECIMAL CLASSIFICATION NUMBER
Universal Decimal Classification number 30:321.7
Common auxiliary subdivision (075.3)
100 1# - Rafti
Rafti Mjeldheim, Leiv
245 ## - TITLE STATEMENT
Title Spektri /
Statement of responsibility, etc Leiv Mjeldheim, perktheu [ Pulaha, Ermir ]
260 ## -
-- Prishtinë :
-- Rozafa ;
-- 2006.
300 ## -
-- 208 f. :
-- me il. ;
-- 24 cm.
500 ## -
-- Parathënie : f. 1
650 ## -
-- Shkencat shoqërore
650 ## -
-- Demokracia
700 ## -
-- Mjeldheim, Leiv
700 ## -
-- Lillejord, Sølvi
700 ## -
-- Sølvberg, Erik
700 ## -
-- përktheu Pulaha, Ermir
942 ## - ADDED ENTRY ELEMENTS (KOHA)
Source of classification or shelving scheme
Item type Books
Holdings
Withdrawn status Lost status Source of classification or shelving scheme Damaged status Not for loan Collection code Permanent location Current location Shelving location Date acquired Total Checkouts Full call number Barcode Date last seen Koha item type
          Koleksioni i përgjithshem UBT - Prishtine UBT - Prishtine Koleksioni i përgjithshem 10/29/2013   30:321.7(075.3) MJE 001-000224 10/29/2013 Books
          Koleksioni i përgjithshem UBT - Prishtine UBT - Prishtine Koleksioni i përgjithshem 10/29/2013   30:321.7(075.3) MJE 001-000225 10/29/2013 Books
          Koleksioni i përgjithshem UBT - Prishtine UBT - Prishtine Koleksioni i përgjithshem 10/29/2013   30:321.7(075.3) MJE 001-000230 10/29/2013 Books
          Koleksioni i përgjithshem UBT - Prishtine UBT - Prishtine Koleksioni i përgjithshem 10/29/2013   30:321.7(075.3) MJE 001-000229 10/29/2013 Books
          Koleksioni i përgjithshem UBT - Prishtine UBT - Prishtine Koleksioni i përgjithshem 10/29/2013   30:321.7(075.3) MJE 001-000228 10/29/2013 Books
UBT Library © 2015-2024. All rights reserved University Education for Business and Technology